Mac OS X, iPod, and iPhone forensic analysis DVD toolkit / (Record no. 188420)

000 -LEADER
fixed length control field 01749 a2200289 4500
003 - CONTROL NUMBER IDENTIFIER
control field Nust
005 - DATE AND TIME OF LATEST TRANSACTION
control field 20220726114919.0
010 ## - LIBRARY OF CONGRESS CONTROL NUMBER
LC control number 2008046538
020 ## - INTERNATIONAL STANDARD BOOK NUMBER
International Standard Book Number 1597492973 (pbk.)
020 ## - INTERNATIONAL STANDARD BOOK NUMBER
International Standard Book Number 9781597492973 (pbk.)
035 ## - SYSTEM CONTROL NUMBER
System control number (OCoLC)ocn272304399
040 ## - CATALOGING SOURCE
Transcribing agency Nust
082 00 - DEWEY DECIMAL CLASSIFICATION NUMBER
Classification number 005.8,KUB
100 1# - MAIN ENTRY--PERSONAL NAME
Personal name Kubasiak, Ryan R.
9 (RLIN) 95166
245 10 - TITLE STATEMENT
Title Mac OS X, iPod, and iPhone forensic analysis DVD toolkit /
Statement of responsibility, etc. Ryan R. Kubasiak, Sean Morrissey, lead authors ; [contributing authors], Walter Barr ... [et al.] ; Jesse Varsalone, technical editor.
260 ## - PUBLICATION, DISTRIBUTION, ETC.
Place of publication, distribution, etc. Burlington, MA :
Name of publisher, distributor, etc. Syngress Pub.,
Date of publication, distribution, etc. c2009.
300 ## - PHYSICAL DESCRIPTION
Extent xix, 551 p. :
Other physical details ill. ;
Dimensions 24 cm. +
Accompanying material 1 DVD (4 3/4 in.)
505 0# - FORMATTED CONTENTS NOTE
Formatted contents note Tiger And Leopard Mac OS X Operating Systems (Page-1), Getting A Handle on Mac Hardware (Page-31), Mac Disks and Partitioning (Page-55), HFS Plus File System (Page-93), File Vault (Page-127), Time Machine (Page-147), Acquiring Forensic Images (Page-169), Recovering Browser History (Page-191), Recovery of E-Mail Artifacts, iChat, and Other Chat Logs (Page-213), Locating and Recovering Photos (Page-241), Finding and Recovering Quicktime Movies and other Video (Page-263), Recovering Pdfs, Word Files, and other Documents (Page-283), Forensic Acquisition of an iPod (Page-313), iPod Forensics (Page-335), Forensic Acquisition of an iPhone (Page-355), iPhone Forensics(Page-395)
650 #0 - SUBJECT ADDED ENTRY--TOPICAL TERM
Topical term or geographic name entry element Computer crimes.
9 (RLIN) 18532
650 #0 - SUBJECT ADDED ENTRY--TOPICAL TERM
Topical term or geographic name entry element Computer security.
9 (RLIN) 570
650 #0 - SUBJECT ADDED ENTRY--TOPICAL TERM
Topical term or geographic name entry element Data recovery (Computer science)
9 (RLIN) 18676
650 #0 - SUBJECT ADDED ENTRY--TOPICAL TERM
Topical term or geographic name entry element Macintosh (Computer)
9 (RLIN) 95167
700 1# - ADDED ENTRY--PERSONAL NAME
Personal name Morrissey, Sean.
9 (RLIN) 95168
700 1# - ADDED ENTRY--PERSONAL NAME
Personal name Varsalone, Jesse.
9 (RLIN) 95169
856 42 - ELECTRONIC LOCATION AND ACCESS
Materials specified Publisher description
Uniform Resource Identifier <a href="http://www.loc.gov/catdir/enhancements/fy0903/2008046538-d.html">http://www.loc.gov/catdir/enhancements/fy0903/2008046538-d.html</a>
942 ## - ADDED ENTRY ELEMENTS (KOHA)
Source of classification or shelving scheme
Koha item type Reference
Holdings
Withdrawn status Lost status Source of classification or shelving scheme Damaged status Not for loan Permanent Location Current Location Shelving location Date acquired Full call number Barcode Date last seen Price effective from Koha item type Public note
          Military College of Signals (MCS) Military College of Signals (MCS) Reference 12/12/2016 005.8,KUB MCS34706 12/08/2016 12/12/2016 Book Almirah No.18, Shelf No.2
© 2023 Central Library, National University of Sciences and Technology. All Rights Reserved.